00713nam a2200229 4500003000900000005001700009008004100026040004300067041000800110082002200118100003500140245004800175264003200223300002300255336002200278337002400300338003300324500002000357546002000377650002900397856005700426EG-GICUC20260205141426.0260205s1942 -uk||||fr|||| 001 0 eng d aEG-GiCUCbengcEG-GiCUCdEG-GiCUCerda0 aeng04221a341.1bCA . C1 aCarr, Edward Hallett eAuthor.10aConditions of peace /cEdward Hallett Carr. 1aLondon :bMacmillan,c1942. a279 pages ;c24 cm 2rda contentatext 2rda mediaaComputer 2rda carrieraOnline Resource aIncludes index. aText in English14aPublic international law40uhttps://fll.law.cu.edu.eg/fulltext/bks/B11-07611.pdf